000 00679nam a2200241 a 4500
001 59299
003 BD-RjUL
005 20211209080720.0
008 190310s1955 enk 000 0 eng d
035 _aOCLC ocm09060974 from D971120M
035 _a(BD-RjUL)59423
040 _aSOI
_cSOI
_dUKM
_dEQO
_dBD-RjUL
_beng
041 _aeng
082 _a635.93332
_bBRS 1955
100 1 _aBrookes, Peter.
_9229203
245 1 0 _aSweet pea growing /
_cPeter Brookes
260 _aLondon ;
_aNew York :
_bW. & G. Foyle ;
_bDover Publications,
_c1955
300 _a93 p.
_billus.
490 0 _aFoyles handbooks
650 0 _aSweet peas.
_943403
942 _2ddc
_cBK
999 _c59299
_d59299